Analýza podielových fondov

Kvantitatívna analýza podielových fondov: výkonnosť fondov, relatívna výkonnosť, volatilita podielu fondu, pomerové ukazovatele, obrat fondu, konzistentnosť výkonnosti, korelačná analýza. Kvalitatívna analýza podielových fondov: veľkosť fondu, dátum založenia, investičná stratégia, denominácia a men...

Descrizione completa

Salvato in:
Dettagli Bibliografici
Autore principale: Izakovič, Ondrej
Natura: Capitolo di libro
Lingua:slovacco
Soggetti:
Tags: Aggiungi Tag
Nessun Tag, puoi essere il primo ad aggiungerne!!

MARC

LEADER 00000naa$a2200000$$$4500
001 0073943
005 20230908095136.9
041 0 |a slo 
044 |a SK 
245 1 0 |a Analýza podielových fondov  |c Ondrej Izakovič 
520 |a Kvantitatívna analýza podielových fondov: výkonnosť fondov, relatívna výkonnosť, volatilita podielu fondu, pomerové ukazovatele, obrat fondu, konzistentnosť výkonnosti, korelačná analýza. Kvalitatívna analýza podielových fondov: veľkosť fondu, dátum založenia, investičná stratégia, denominácia a menová expozícia, geografická príslušnosť, daňový domicil, informačná politika. Fundamentálna analýza fondu: zisk k podielu, poplatky fondu. 
610 2 0 |a fondy podielové 
610 2 0 |a výkonnosť 
610 2 0 |a volatilita 
610 2 0 |a ukazovatele pomerové 
610 2 0 |a obrat peňažný 
610 2 0 |a analýza korelačná 
610 2 0 |a analýza fundamentálna 
100 1 |a Izakovič, Ondrej